| 000 | 00587nam a22001817a 4500 | ||
|---|---|---|---|
| 005 | 20250716125721.0 | ||
| 008 | 240515b ||||| |||| 00| 0 eng d | ||
| 020 | _a9780000000002 | ||
| 050 |
_aBF636.7 _b.G53 2006 |
||
| 100 | _aGichinga, Emmy. | ||
| 245 |
_aCounselling in the African context : _ba counselling guide |
||
| 260 |
_aNairobi : _bGem Counselling Services, _cc2007. |
||
| 300 |
_a248 p. ; _c21 cm. |
||
| 440 | _aCounselling guide series | ||
| 500 | _aIncludes bibliographical references (p. 209-216). | ||
| 650 |
_aCounseling _xSocial aspects _zKenya. |
||
| 942 |
_2lcc _cBK |
||
| 999 |
_c59220 _d59220 |
||